000 01029nam a2200337 i 4500
999 _c200435021
_d53233
001 200435021
003 TR-AnTOB
005 20241010130929.0
007 ta
008 150611s2013 tu b 000 0 tur
020 _a9786058793101
040 _aGAZIU
_beng
_erda
_cTR-AnTOB
_dTR-AnTOB
041 0 _atur
049 _aMAIN
050 0 4 _aHF5429
_b.T86 2013
090 _aHF5429
_b.T86 2013
100 1 _aTunçalp, Ercüment
_4author
_9123734
245 1 0 _aPerakendecinin kategori yönetimi :
_b"satmak üzere satın alma" /
_cErcüment Tunçalp.
246 3 0 _aSatmak üzere satın alma.
250 _a3. basım.
264 1 _aİstanbul :
_bEylül,
_c2013
300 _a311 pages ;
_c20 cm.
336 _2rdacontent
_atext
_btxt
337 _2rdamedia
_aunmediated
_bn
338 _2rdacarrier
_avolume
_bnc
650 7 _aSatış hakları (Perakende ticaret)
_2etuturkob
_9123698
650 0 _aPerakende ticaret
_xYönetim
_9123769
650 7 _aPazarlama
_2etuturkob
_917377
942 _2lcc
_cBK